书目信息 |
| 题名: |
我相信我
|
|
| 作者: | 希伯德 著 ;李晓磊 译 | |
| 分册: | ||
| 出版信息: | 北京 中国友谊出版公司 2021.05 |
|
| 页数: | 19, 228页 | |
| 开本: | 21cm | |
| 丛书名: | ||
| 单 册: | ||
| 中图分类: | B842.7 | |
| 科图分类: | ||
| 主题词: | 自我暗示--zi wo an shi--通俗读物 | |
| 电子资源: | ||
| ISBN: | 978-7-5057-5208-5 | |
| 000 | 01156nam0 2200301 450 | |
| 001 | 2369294525 | |
| 005 | 20231124191505.58 | |
| 010 | @a978-7-5057-5208-5@dCNY59.80 | |
| 100 | @a20210527d2021 em y0chiy50 ea | |
| 101 | 1 | @achi@ceng |
| 102 | @aCN@b110000 | |
| 105 | @ay z 000yy | |
| 106 | @ar | |
| 200 | 1 | @a我相信我@Awo xiang xin wo@e不断地进行积极的心理暗示@f(英) 杰萨米·希伯德著@g李晓磊译 |
| 210 | @a北京@c中国友谊出版公司@d2021.05 | |
| 215 | @a19, 228页@d21cm | |
| 300 | @a华语时代国际 | |
| 312 | @a原文题名取自封面 | |
| 314 | @a杰萨米·希伯德, 伦敦特许临床心理学家。 | |
| 330 | @a本书探讨了冒名顶替综合征的心理影响, 揭露了数百万男女所感受到的恐惧和不安全感, 并对此提供了合理的专家建议, 以帮助读者更好地理解问题、克服问题, 指导读者以不同的方式思考、获得自信、学会正确地看待自己。 | |
| 500 | 10 | @aImposter cure@mChinese |
| 517 | 1 | @a不断地进行积极的心理暗示@Abu duan de jin xing ji ji de xin li an shi |
| 606 | 0 | @a自我暗示@Azi wo an shi@j通俗读物 |
| 690 | @aB842.7@v5 | |
| 701 | 1 | @a希伯德@Axi bo de@g(Hibberd, Jessamy)@4著 |
| 702 | 0 | @a李晓磊@Ali xiao lei@4译 |
| 801 | @aCN@b山东中教@c20231121 | |
| 905 | @aBZT@dB842.7@e16 | |
| 我相信我:不断地进行积极的心理暗示/(英) 杰萨米·希伯德著/李晓磊译.-北京:中国友谊出版公司,2021.05 |
| 19, 228页;21cm |
| 华语时代国际 |
| ISBN 978-7-5057-5208-5:CNY59.80 |
| 本书探讨了冒名顶替综合征的心理影响, 揭露了数百万男女所感受到的恐惧和不安全感, 并对此提供了合理的专家建议, 以帮助读者更好地理解问题、克服问题, 指导读者以不同的方式思考、获得自信、学会正确地看待自己。 |
| ● |
| 相关链接 |
|
|
|
正题名:我相信我
索取号:B842.7/16
 
预约/预借
| 序号 | 登录号 | 条形码 | 馆藏地/架位号 | 状态 | 备注 |
| 1 | 2001051300 | 2001051300 | 中教第一批/山东中教(第一批)/542/ [索取号:B842.7/16] | 在馆 | |
| 2 | 2001051301 | 2001051301 | 中教第一批/山东中教(第一批)/542/ [索取号:B842.7/16] | 在馆 | |
| 3 | 2001051302 | 2001051302 | 中教第一批/山东中教(第一批)/542/ [索取号:B842.7/16] | 在馆 | |
| 4 | 2001051303 | 2001051303 | 中教第一批/山东中教(第一批)/542/ [索取号:B842.7/16] | 在馆 | |
| 5 | 2001051304 | 2001051304 | 中教第一批/山东中教(第一批)/542/ [索取号:B842.7/16] | 在馆 | |
| 6 | 2001051305 | 2001051305 | 中教第一批/山东中教(第一批)/542/ [索取号:B842.7/16] | 在馆 |